| 000 | 01079nam0a2200301 4500 | ||
|---|---|---|---|
| 001 | RU\NLR\BIBL_A\012048475 | ||
| 005 | 20190705115543.0 | ||
| 010 |
_a978-5-88170-320-2 _9300 |
||
| 021 |
_aRU _bКН-П-19-021062 _9КН-П-19-1582 |
||
| 035 | _a(NLR Aleph) 012048475 | ||
| 090 |
_a11638630 _c11638630 |
||
| 100 | _a20190628d2018 c y0rusy50 ca | ||
| 101 | 0 | _akrl | |
| 102 | _aRU | ||
| 105 | _aa z 000 y | ||
| 200 | 1 |
_aKirjaimikko _fOl'ga Smotrova _g[худож.: Е. А. Агафонова] |
|
| 210 |
_aPetroskoi _cPeriodika _d2018 |
||
| 215 |
_a29 с. _cцв. ил. _d27 _e1 отд. л. игрового поля |
||
| 333 | _aИзд. не подлежит продаже | ||
| 541 | 1 |
_6z01790 _aАзбука _zrus |
|
| 686 | 1 | _aШ9(2)6=Карел-7 | |
| 700 | 1 |
_aSmotrova _bO. V. _gOl'ga Vladimirovna _4070 |
|
| 702 | 1 |
_aАгафонова _bЕ. А. _gЕлена _4440 |
|
| 790 | 1 |
_6z01541 _aСмотрова _bО. В. _gОльга Владимировна _4070 |
|
| 852 |
_aNLR _bОНЛ _jКарел./4-52 |
||
| 942 | _cBOOK | ||
| 980 | _aNB | ||